[Event "St Petersburg-chT "]
[Site "St Petersburg"]
[Date "2003.??.??"]
[Round "7"]
[White "Drozdov, Nikolai"]
[Black "Andreev, Konstantin"]
[Result "0-1"]
[WhiteElo "2196"]
[BlackElo "2339"]
[PlyCount "70"]
[EventDate "2003.??.??"]
[EventType "team"]
[EventRounds "9"]
[EventCountry "RUS"]
[SourceTitle "EXT 2005"]
[Source "ChessBase"]
[SourceDate "2004.11.15"]
[SourceVersion "1"]
[SourceVersionDate "2004.11.15"]
[SourceQuality "1"]

1. d4 Nf6 2. c4 c5 3. d5 b5 4. cxb5 a6 5. bxa6 Bxa6 6. g3 d6 7. Bg2 g6 8. h4 Bg7 9. Nh3 Nbd7 10. Nf4 h5 11. 0-0 0-0 12. Qc2 Ne5 13. b3 Qb6 14. Nd2 Rfb8 15. Rb1 Nfg4 16. Ne4 Bb5 17. Ng5 Qa6 18. a4 Bd7 19. Nxh5 gxh5 20. Qh7+ Kf8 21. f4 Nf6 22. Qc2 Neg4 23. e4 c4 24. e5 cxb3 25. Qb2 Ng8 26. Qc3 Qb6+ 27. Kh1 Nf2+ 28. Kh2 Nh6 29. Bf3 Nfg4+ 30. Kg2 Qc5 31. Qd3 Bf5 32. Be4 Bxe4+ 33. Nxe4 Rxa4 34. Ng5 Qc4 35. Qh7 Qe2+ 0-1

[Event "St Petersburg-chT "]
[Site "St Petersburg"]
[Date "2003.??.??"]
[Round "2"]
[White "Drozdov, Nikolai"]
[Black "Kashtanov, Ruslan"]
[Result "1-0"]
[WhiteElo "2196"]
[BlackElo "2389"]
[PlyCount "97"]
[EventDate "2003.??.??"]
[EventType "team"]
[EventRounds "9"]
[EventCountry "RUS"]
[SourceTitle "EXT 2005"]
[Source "ChessBase"]
[SourceDate "2004.11.15"]
[SourceVersion "1"]
[SourceVersionDate "2004.11.15"]
[SourceQuality "1"]

1. d4 e6 2. c4 Nf6 3. a3 c5 4. e3 d5 5. Nf3 a6 6. dxc5 Bxc5 7. b4 Bd6 8. Bb2 0-0 9. Nbd2 Re8 10. Qc2 a5 11. c5 Bf8 12. b5 a4 13. g4 Nbd7 14. g5 Ne4 15. c6 Ndc5 16. h4 bxc6 17. bxc6 Ba6 18. Rd1 Qa5 19. h5 Rac8 20. g6 fxg6 21. hxg6 h6 22. Bxa6 Qxa6 23. Nxe4 Nxe4 24. Ne5 Rc7 25. Rh4 Be7 26. Rxe4 dxe4 27. Rd7 Bf6 28. Ng4 Bxb2 29. Qxb2 Rxd7 30. cxd7 Rd8 31. Qb4 Qc6 32. Ne5 Qc1+ 33. Ke2 Qc2+ 34. Kf1 Qd1+ 35. Kg2 Qh5 36. Qe7 Qg5+ 37. Qxg5 hxg5 38. Kg3 Kf8 39. Kg4 Ke7 40. Nc6+ Kxd7 41. Nxd8 Kxd8 42. Kxg5 Ke7 43. Kf4 Kf6 44. Kxe4 Ke7 45. Ke5 Kd7 46. f4 Ke7 47. e4 Kd7 48. Kd4 Kc7 49. e5 1-0

[Event "St Petersburg-chT "]
[Site "St Petersburg"]
[Date "2003.??.??"]
[Round "3"]
[White "Utkin, Aleksey"]
[Black "Drozdov, Nikolai"]
[Result "1-0"]
[WhiteElo "2334"]
[BlackElo "2196"]
[PlyCount "99"]
[EventDate "2003.??.??"]
[EventType "team"]
[EventRounds "9"]
[EventCountry "RUS"]
[SourceTitle "EXT 2005"]
[Source "ChessBase"]
[SourceDate "2004.11.15"]
[SourceVersion "1"]
[SourceVersionDate "2004.11.15"]
[SourceQuality "1"]

1. d4 d5 2. Nf3 Bf5 3. c4 e6 4. Nc3 c6 5. Qb3 Qc8 6. Bf4 Nd7 7. e3 Ngf6 8. Be2 dxc4 9. Bxc4 Nb6 10. Be2 Nbd5 11. Bg3 Nb4 12. 0-0 Bc2 13. Qc4 a6 14. a4 Be7 15. a5 Nfd5 16. Na2 c5 17. Rfc1 cxd4 18. Qxd4 Nc6 19. Qd2 Bg6 20. Ne5 0-0 21. Nxc6 bxc6 22. Bc4 Rd8 23. Qe2 Bf6 24. e4 Nc7 25. Nc3 e5 26. Na4 Rb8 27. Nb6 Qb7 28. Rd1 Nb5 29. Qg4 Nd6 30. h4 Nxc4 31. Nxc4 h5 32. Qe2 Qe7 33. f3 Rxd1+ 34. Rxd1 Rb4 35. Rc1 Qc5+ 36. Bf2 Qb5 37. Qc2 Bd8 38. Nd6 Qxa5 39. Qxc6 Bb6 40. Qe8+ Kh7 41. Rc8 Bxf2+ 42. Kh2 Bxe4 43. Qg8+ Kh6 44. fxe4 Bg1+ 45. Kh1 Rxe4 46. Nxf7+ Kg6 47. Nh8+ Kf5 48. Qf7+ Kg4 49. Qf3+ Kxh4 50. Qxe4+ 1-0

[Event "St Petersburg-chT "]
[Site "St Petersburg"]
[Date "2003.??.??"]
[Round "9"]
[White "Vunder, Andrei"]
[Black "Drozdov, Nikolai"]
[Result "0-1"]
[WhiteElo "2289"]
[BlackElo "2196"]
[PlyCount "48"]
[EventDate "2003.??.??"]
[EventType "team"]
[EventRounds "9"]
[EventCountry "RUS"]
[SourceTitle "EXT 2005"]
[Source "ChessBase"]
[SourceDate "2004.11.15"]
[SourceVersion "1"]
[SourceVersionDate "2004.11.15"]
[SourceQuality "1"]

1. d4 Nf6 2. Nf3 g6 3. c4 Bg7 4. Nc3 d5 5. Bg5 Ne4 6. Bf4 Nxc3 7. bxc3 dxc4 8. e3 b5 9. a4 c6 10. axb5 cxb5 11. Qb1 Qd5 12. Nd2 Bb7 13. Ra5 a6 14. Nxc4 Nd7 15. Nd2 e5 16. c4 Qd6 17. dxe5 Nxe5 18. cxb5 Rd8 19. Ra2 0-0 20. Nc4 Nf3+ 21. gxf3 Bc3+ 22. Ke2 Qd5 23. Nd6 Qxf3+ 24. Kd3 Be4+ 0-1